000 00486nam a22001697a 4500
003 CEME
005 20210628205919.0
008 210204b xxu||||| |||| 00| 0 eng d
040 _c.
082 _a923.15491 MAD
100 _aRiaz Ahmed(Comp)
_977448
245 _aMader-e-millat motarma fatima jinnah key zindgey kay waqiaat.1893-1967
260 _aISLAMABAD
_bNATIONAL ARCHIVES OF PAKISTAN
_c2004
300 _a137P
650 _aBIOGRAPHY-FATIMA JINNAH
_976878
942 _cBK
_2ddc
999 _c582714
_d582714